|
|
|
|
| LEADER |
00641cam a2200193 7i4500 |
| 001 |
0000046948 |
| 005 |
20180508090000.0 |
| 020 |
|
|
|a 9789832737049 (pbk.)
|
| 020 |
|
|
|a 9832737044 (pbk.)
|
| 090 |
0 |
0 |
|a PR9530.6
|b .V48 2003
|
| 245 |
0 |
0 |
|a In-sights Malaysian poems
|c compiled and introduced by Malachi Edwin Vethamani.
|
| 260 |
|
|
|a Petaling Jaya, Selangor:
|b Maya Press,
|c 2003.
|
| 300 |
|
|
|a 107 p.
|
| 500 |
|
|
|a Gift: Zainol Ahmad Resource Center
|
| 650 |
0 |
0 |
|a Malay poetry
|
| 650 |
0 |
0 |
|a Malaysian poetry
|
| 650 |
0 |
0 |
|a Malaysian poetry (English)
|
| 700 |
1 |
|
|a Vethamani, Malachi Edwin
|
| 999 |
|
|
|a 0000063050
|b BOK
|c OPEN SHELF
|e 1st Floor, Bestari Jaya
|